000 00557nam a2200181Ia 4500
008 140626s9999 xx 000 0 und d
100 _aGoldenberg, Jacob..
245 4 _aThe Quest for content :
_b how user-generated links can facilitate online exploration /
_cJacob Goldenberg ... [et al.].
260 _cc2012.
300 _a49 : 4, page 452
440 _aJournal of Marketing Research
521 _aBSBA
650 _aE-commerce.
650 _aProduct network.
650 _aSocial networks.
650 _aUser-generated content.
942 _cSE
999 _c121043
_d121043